000 00323nam a2200133Ia 4500
005 20251222144627.0
008 251222s9999||||xx |||||||||||||| ||spa||
020 _a88-7305-770-5
082 _a818.5/C547
100 _aChevalier, Tracy
245 0 _aLa Ragazza con Lórecchino di Perla
264 _bVicenza
942 _cLIB
999 _c16170
_d16170